000 00314nam a2200133 i 4500
001 bg
100 1 _aRUSINOV, M. M.
245 0 _aNesfericeskie porerchnosti v optike /
_cM. M. Rusinov.
260 _aMoskva,
_c1973.
040 _cBPK
041 _apol
942 _cKS
008 s pl f |000 0 pol
999 _c15646
_d15646
856 _uhttp://koha.tu.koszalin.pl/cgi-bin/koha/opac-detail.pl?biblionumber=15646
_yKatalog online BPK